|
|
|
|
| LEADER |
02346nam a2200409 a 4500 |
| 001 |
30918 |
| 003 |
BD-DhAAL |
| 005 |
20160224152922.0 |
| 008 |
160224s2011 nyu 000 1 eng |
| 010 |
|
|
|a 2010008927
|
| 020 |
|
|
|a 9780571279432
|
| 020 |
|
|
|a 9781400068098 (alk. paper)
|
| 040 |
|
|
|a DLC
|c DLC
|d DLC
|d BD-DhAAL
|
| 050 |
0 |
0 |
|a PR9387.9.C67
|b O64 2011
|
| 082 |
0 |
0 |
|a 823/.92
|2 22
|
| 999 |
|
|
|c 36927
|d 36927
|
| 999 |
|
|
|c 36927
|
| 999 |
|
|
|c 36927
|
| 999 |
|
|
|c 36927
|
| 100 |
1 |
|
|a Cole, Teju.
|9 18152
|
| 245 |
1 |
0 |
|a Open city :
|b a novel /
|c Teju Cole.
|
| 250 |
|
|
|a 1st ed.
|
| 264 |
|
|
|a New York ;
|a London :
|b Random House ;
|b Faber and Faber,
|c c2011.
|
| 300 |
|
|
|a 259 p. ;
|c 22 cm.
|
| 526 |
|
|
|a ENH
|
| 541 |
|
|
|a 30918,30919,30920,30921,30922,30923,30924
|
| 650 |
|
0 |
|a Nigerians
|z New York (State)
|z New York
|v Fiction.
|9 18153
|
| 650 |
|
0 |
|a Identity (Psychology)
|v Fiction.
|9 18154
|
| 650 |
|
0 |
|a Race
|v Fiction.
|9 18155
|
| 942 |
|
|
|2 ddc
|c BK
|
| 952 |
|
|
|0 0
|1 0
|2 ddc
|4 0
|6 823_920000000000000_COL
|7 0
|9 58150
|a BRACUL
|b BRACUL
|c GEN
|d 2016-02-24
|e Karim International
|g 820.00
|l 8
|m 52
|o 823.92 COL
|p 3010030918
|r 2024-04-02
|s 2024-03-20
|t 1
|w 2016-02-24
|y BK
|
| 952 |
|
|
|0 0
|1 0
|2 ddc
|4 0
|6 823_920000000000000_COL
|7 0
|9 58151
|a BRACUL
|b BRACUL
|c GEN
|d 2016-02-24
|e Karim International
|g 820.00
|l 8
|m 111
|o 823.92 COL
|p 3010030919
|r 2025-08-27
|s 2024-02-05
|t 2
|w 2016-02-24
|y BK
|
| 952 |
|
|
|0 0
|1 0
|2 ddc
|4 0
|6 823_920000000000000_COL
|7 0
|9 58152
|a BRACUL
|b BRACUL
|c GEN
|d 2016-02-24
|e Karim International
|g 820.00
|l 7
|m 70
|o 823.92 COL
|p 3010030920
|r 2025-03-13
|s 2024-06-30
|t 3
|w 2016-02-24
|y BK
|
| 952 |
|
|
|0 0
|1 0
|2 ddc
|4 0
|6 823_920000000000000_COL
|7 0
|9 58153
|a BRACUL
|b BRACUL
|c GEN
|d 2016-02-24
|e Karim International
|g 820.00
|l 10
|m 46
|o 823.92 COL
|p 3010030921
|r 2025-02-09
|s 2025-01-19
|t 4
|w 2016-02-24
|y BK
|
| 952 |
|
|
|0 0
|1 0
|2 ddc
|4 0
|6 823_920000000000000_COL
|7 0
|9 58154
|a BRACUL
|b BRACUL
|c GEN
|d 2016-02-24
|e Karim International
|g 820.00
|l 9
|m 13
|o 823.92 COL
|p 3010030922
|r 2019-12-02
|s 2019-11-25
|t 5
|w 2016-02-24
|y BK
|
| 952 |
|
|
|0 0
|1 0
|2 ddc
|4 0
|6 823_920000000000000_COL
|7 0
|9 58155
|a BRACUL
|b BRACUL
|c GEN
|d 2016-02-24
|e Karim International
|g 820.00
|l 10
|m 33
|o 823.92 COL
|p 3010030923
|r 2025-06-23
|s 2025-02-23
|t 6
|w 2016-02-24
|y BK
|
| 952 |
|
|
|0 0
|1 0
|2 ddc
|4 0
|6 823_000000000000000__92_COL
|7 0
|9 58230
|a BRACUL
|b BRACUL
|c GEN
|d 2016-02-24
|e Karim International
|g 820.00
|l 5
|m 83
|o 823.92 COL
|p 3010030924
|r 2025-10-12
|s 2025-03-13
|t 7
|w 2016-03-01
|y BK
|